Detalles MARC
| 000 -LEADER |
| fixed length control field |
01609nam a2200397 a 4500 |
| 005 - FECHA ULTIMA MODIFICACION |
| control field |
20240806110855.0 |
| 008 - CAMPO DE CONTROL (LIBRO) |
| fixed length control field |
100809s2011||||sp il. f |||| 001 0 spa d |
| 020 ## - INTERNATIONAL STANDARD BOOK NUMBER |
| ISBN |
9788413820132 |
| 041 ## - CODIGO DE IDIOMA |
| Código de idioma del texto/pista de sonido o título separado |
spa |
| 092 ## - SIGNATURA TOPOGRAFICA DEWEY LOCAL |
| número de clasificación |
612 |
| libristica |
31 |
| sección |
HAL |
| 100 1# - ENTRADA PRINCIPAL--NOMBRE PERSONAL |
| Nombre personal |
Hall, John E. |
| 9 (RLIN) |
41 |
| 245 ## - TITULO PROPIAMENTE DICHO |
| Título |
Guyton y Hall. |
| Subtítulo y Título paralelo |
Tratado de Fisiología Médica / |
| Mención de responsabilidad y remanente de la transcripción de la portada |
John E. Hall |
| 250 ## - MENCION DE EDICION |
| Mención de edición |
14 ed. versión en español de la obra original en inglés |
| Mención de responsabilidad relacionada con la ed. |
Revisión Xavier Gasull Casanova |
| 260 ## - PIE DE IMPRENTA |
| Lugar de publicación, distribución, etc |
Barcelona: |
| Nombre de la editorial, distribuidor, etc |
Elsevier; |
| Fecha de publicación |
2021. |
| 300 ## - DESCRIPCION FISICA |
| Extension |
1132 p. |
| Otros detalles físicos |
il. |
| 500 ## - NOTA GENERAL |
| Nota general |
Hall, J. E. y Hall, M. E. (2021). Guyton y Hall. Tratado de fisiología médica. (14a ed.). Barcelona : Elsevier. |
| 590 ## - NOTAS LOCALES (RLIN) |
| Nota local |
Compra UNCo enero 2022 |
| 653 ## - TÉRMINO INDIZADO - PALABRAS CLAVES |
| Palabra clave |
Introducción a la fisiología: célula y fisiología general |
| 653 ## - TÉRMINO INDIZADO - PALABRAS CLAVES |
| Palabra clave |
Fisiología de la membrana, el nervio y el músculo |
| 653 ## - TÉRMINO INDIZADO - PALABRAS CLAVES |
| Palabra clave |
Corazón |
| 653 ## - TÉRMINO INDIZADO - PALABRAS CLAVES |
| Palabra clave |
Circulación |
| 653 ## - TÉRMINO INDIZADO - PALABRAS CLAVES |
| Palabra clave |
Liquídos corporales y los riñones |
| 653 ## - TÉRMINO INDIZADO - PALABRAS CLAVES |
| Palabra clave |
Células sanguíneas, inmunidad y coagulación sanguínea |
| 653 ## - TÉRMINO INDIZADO - PALABRAS CLAVES |
| Palabra clave |
Respiración |
| 653 ## - TÉRMINO INDIZADO - PALABRAS CLAVES |
| Palabra clave |
Fisiología de la aviación, el espacio y el buceo en profundidad |
| 653 ## - TÉRMINO INDIZADO - PALABRAS CLAVES |
| Palabra clave |
Sistema nervioso: principios generales y fisiología de la sensibilidad |
| 653 ## - TÉRMINO INDIZADO - PALABRAS CLAVES |
| Palabra clave |
Sistema nervioso: sentidos especiales |
| 653 ## - TÉRMINO INDIZADO - PALABRAS CLAVES |
| Palabra clave |
Sistema nervioso: neurofisiología motora e integradora |
| 653 ## - TÉRMINO INDIZADO - PALABRAS CLAVES |
| Palabra clave |
Fisiología gastrointestinal |
| 653 ## - TÉRMINO INDIZADO - PALABRAS CLAVES |
| Palabra clave |
Metabolismo y regulación de la temperatura |
| 653 ## - TÉRMINO INDIZADO - PALABRAS CLAVES |
| Palabra clave |
Endocrinología y reproducción |
| 653 ## - TÉRMINO INDIZADO - PALABRAS CLAVES |
| Palabra clave |
Fisiología deportiva |
| 700 1# - ENTRADAS SECUNDARIAS - NOMBRE PERSONAL |
| Nombre personal |
Hall, Michael E. |
| 9 (RLIN) |
4153 |
| 930 ## - NUMERO DE INVENTARIO |
| Número de inventario |
4727 |
| 942 ## - ADDED ENTRY ELEMENTS (KOHA) |
| Source of classification or shelving scheme |
Dewey Decimal Classification |
| Item type |
Libros |
| Koha issues (borrowed), all copies |
5 |